000 00641cam a22002171 4500
001 6097723
005 20180109094743.0
008 741011s1962 ilu bdi 000 0 eng
010 _a 62012778
035 _a(OCoLC)1038552
040 _aDLC
_cOClU
_dOCoLC
_dDLC
041 _aeng
080 _a164 PLOC
082 0 0 _a164 PLOC
100 1 _a24
101 _aFIL
245 1 0 _aTerms in their propositional contexts in Wittgenstein's Tractatus;
_cby George Kimball Plochmann and Jack B. Lawson.
504 _a"Selected bibliography": p. 223-229.
906 _a7
_bcbc
_coclcrpl
_du
_encip
_f19
_gy-gencatlg
942 _2ddc
_cBK
999 _c39978
_d39978